01437nab a22002657a 4500999001500000003000400015005001700019008004100036040001100077100002700088245007400115260007300189300001500262500003700277505037900314505009100693505008900784650002000873650002200893650003200915650003600947650003500983773014001018942001301158 c5306d5306OSt20250217211630.0190603e xxum|||| |||| 00| 0 spa d cPJ-TDF 94895aMoyano, Mauricio10a¿El testador quiere o no quiere a sus sobrinos? /cMauricio Moyano.  cCiudad Autónoma de Buenos Aires :aThomson Reuters La Ley, b2023. ap. 185-187 aCita: TR LALEY AR/DOC/1484/2023. aSumario: I. Introducción.— II. La aplicación de la ley en el tiempo respecto de los testamentos.— III. ¿Siempre se encuentra legitimado el cesionario para intentar excluir a un heredero?— IV. La nueva solución del Cód. Civ. y Com. respecto del derecho de representación en la sucesión testamentaria (nuevamente aplicando la teoría del afecto presunto).  tFallo comentado: CNCiv., sala L, 07/03/2023. - R., J. E. s/ sucesión testamentaria. t¿Te interesa el texto completo? Solicitalo al correo: koha@justierradelfuego.gov.ar 09888aSUCESIONES 091115aTESTAMENTOS 094484aTESTAMENTO OLÓGRAFO 096359aDERECHO DE REPRESENTACION 091497aCODIGO CIVIL Y COMERCIAL0 0271393170dCiudad Autónoma de Buenos Aires : Thomson Reuters La Ley, 2015-tRevista Código Civil y Comercial. Nº 5 - Octubre 2023 2udccANA